O mistério da sala secreta (Record no. 195150)

MARC details
000 -LÍDER
campo de controle de tamanho fixo 00346 a2200157 4500
001 - NÚMERO DE CONTROLE
campo de controle 195150
020 ## - ISBN - INTERNATIONAL STANDARD BOOK NUMBER
ISBN - International Standard Book Number 9786586040128
040 ## - FONTE DA CATALOGAÇÃO
Instituição que transcreveu o registro Magnum
100 ## - ENTRADA PRINCIPAL--NOME PESSOAL
Nome pessoal Rocha, Lavínia
240 10 - TÍTULO UNIFORME
Título uniforme O mistério da sala secreta
Idioma da obra
245 10 - TÍTULO
Título O mistério da sala secreta
300 ## - DESCRIÇÃO FÍSICA
Extensão 174
362 0# - DATAS DE PUBLICAÇÃO E/OU DESIGNAÇÃO SEQUENCIAL
Datas de publicação e/ou designação sequencial 2021
697 ## - ENTRADA DE ASSUNTO LOCAL--ENTIDADE COLETIVA (RLIN)
Nome corporativo ou nome da jurisdição LITERATURA JUVENIL
942 ## - ELEMENTOS DE ENTRADA ADICIONADOS (KOHA)
Tipo de material Koha Livros
Holdings
Situação do descarte Situação das perdas Situação física Não pode ser emprestado Biblioteca de origem Biblioteca atual Data de aquisição Total de empréstimos Número de chamada completo Código de barras Data de último acesso Data do último empréstimo Data do preço efetivo Tipo de material Koha
        Magnum Magnum 08/06/2024 4 869.3.1080 MAG00075978 12/06/2024 12/06/2024 08/06/2024 Livros
        Magnum Magnum 08/06/2024 2 869.3.1080 MAG00075979 12/06/2024 12/06/2024 08/06/2024 Livros
        Magnum Magnum 08/06/2024 2 869.3.1080 MAG00075980 12/06/2024 12/06/2024 08/06/2024 Livros
        Magnum Magnum 08/06/2024   869.3.1080 MAG00075981 08/06/2024   08/06/2024 Livros
        Magnum Magnum 08/06/2024 4 869.3.1080 MAG00076031 12/06/2024 12/06/2024 08/06/2024 Livros